000 00741nam a2200241Ia 4500
003 OSt
005 20220925223947.0
006 a|||||r|||| 00| 0
007 ta
008 220923b |||||||| |||| 00| 0 eng d
020 _a9781138911550
_c3356.76
037 _b127, 01/03/2017, CLASSIC BOOKS SERVICES
_cGeneral Book
040 _aRTL
_cRTL
_beng
041 _2eng
_aeng
082 _aX:54.1, Q6
100 _aLICHTENSTEIN Peter M
_9286237
245 0 _aTheories of international economics
260 _aLondon
_bRoutledge
_c2016
300 _axii,318p
_ccm.
650 _aEconomics
942 _hX:54.1, Q6
_cGB
_2CC
999 _c580694
_d580694